El auténtico rostro de Jesús : (Registro nro. 252195)

Detalles MARC
000 -LEADER
fixed length control field 01961nam a2200505Ii 4500
001 - CONTROL NUMBER
control field DIGVEDIV0312
003 - CONTROL NUMBER IDENTIFIER
control field NyNyDIG
006 - FIXED-LENGTH DATA ELEMENTS--ADDITIONAL MATERIAL CHARACTERISTICS
fixed length control field m o d
008 - FIXED-LENGTH DATA ELEMENTS--GENERAL INFORMATION
fixed length control field 190609s2012 sp a ob 000 0 spa d
007 - PHYSICAL DESCRIPTION FIXED FIELD--GENERAL INFORMATION
fixed length control field cr |||||||||||
035 ## - SYSTEM CONTROL NUMBER
System control number (OCoLC)1104423018
040 ## - CATALOGING SOURCE
Original cataloging agency DGITA
Language of cataloging eng
Description conventions rda
-- pn
Transcribing agency DGITA
020 ## - INTERNATIONAL STANDARD BOOK NUMBER
International Standard Book Number 9788499456522
Qualifying information (eBook ;
-- pdf)
020 ## - INTERNATIONAL STANDARD BOOK NUMBER
International Standard Book Number 8499456529
Qualifying information (eBook ;
-- pdf)
020 ## - INTERNATIONAL STANDARD BOOK NUMBER
Canceled/invalid ISBN 9788481691313
Qualifying information (versión impresa)
020 ## - INTERNATIONAL STANDARD BOOK NUMBER
Canceled/invalid ISBN 8481691313
Qualifying information (versión impresa)
050 14 - LIBRARY OF CONGRESS CALL NUMBER
Classification number BT207 ebook
082 04 - DEWEY DECIMAL CLASSIFICATION NUMBER
Classification number 232
110 2# - MAIN ENTRY--CORPORATE NAME
Corporate name or jurisdiction name as entry element Casa de la Biblia,
Relator term author.
245 13 - TITLE STATEMENT
Title El auténtico rostro de Jesús :
Remainder of title guía para una lectura comunitaria del evangelio de Marcos /
Statement of responsibility, etc. La Casa de la Biblia.
250 ## - EDITION STATEMENT
Edition statement Décima edición.
264 #1 - PRODUCTION, PUBLICATION, DISTRIBUTION, MANUFACTURE, AND COPYRIGHT NOTICE
Place of production, publication, distribution, manufacture Estella (Navarra), España :
Name of producer, publisher, distributor, manufacturer Editorial Verbo Divino,
Date of production, publication, distribution, manufacture, or copyright notice [2012]
300 ## - PHYSICAL DESCRIPTION
Extent 1 online resource :
Other physical details illustrations.
336 ## - CONTENT TYPE
Content type term text
Content type code txt
Source rdacontent
337 ## - MEDIA TYPE
Media type term computer
Media type code c
Source rdamedia
338 ## - CARRIER TYPE
Carrier type term online resource
Carrier type code cr
Source rdacarrier
347 ## - DIGITAL FILE CHARACTERISTICS
File type text file
Source rdaft
347 ## - DIGITAL FILE CHARACTERISTICS
File type PDF
490 1# - SERIES STATEMENT
Series statement Coleccion palabra y vida ;
Volume/sequential designation 1
500 ## - GENERAL NOTE
General note "Animador."
500 ## - GENERAL NOTE
General note Year of publication on title page reads: 2005.
504 ## - BIBLIOGRAPHY, ETC. NOTE
Bibliography, etc. note Includes bibliographical references.
588 0# - SOURCE OF DESCRIPTION NOTE
Source of description note Online resource; title from PDF title page (Digitalia, viewed June 12, 2019)
600 00 - SUBJECT ADDED ENTRY--PERSONAL NAME
Personal name Jesus Christ
General subdivision Teachings
-- Study and teaching.
630 00 - SUBJECT ADDED ENTRY--UNIFORM TITLE
Uniform title Bible.
Name of part/section of a work Mark
General subdivision Criticism, interpretation, etc.
600 00 - SUBJECT ADDED ENTRY--PERSONAL NAME
Personal name Jesus Christ
General subdivision Face.
655 #0 - INDEX TERM--GENRE/FORM
Genre/form data or focus term Electronic books.
791 2# -
-- Digitalia (Firm),
-- distributor.
793 0# -
-- Digitalia eBook Collection:
-- Editorial Verbo Divino
776 08 - ADDITIONAL PHYSICAL FORM ENTRY
Relationship information Print version:
Title Auténtico rostro de Jesús.
Place, publisher, and date of publication Estella (Navarra), España : Editorial Verbo Divino, 2009
International Standard Book Number 9788481691313
830 #0 - SERIES ADDED ENTRY--UNIFORM TITLE
Uniform title Coleccion palabra y vida ;
Volume/sequential designation 1.
856 40 - ELECTRONIC LOCATION AND ACCESS
Materials specified Digitalia Hispánica
Uniform Resource Identifier <a href="https://www.digitaliapublishing.com/a/51033/">https://www.digitaliapublishing.com/a/51033/</a>
910 ## - USER-OPTION DATA (OCLC)
User-option data Premium collection: 2019
942 ## - ADDED ENTRY ELEMENTS (KOHA)
Koha item type Recurso Electrónico
Existencias
Withdrawn status Lost status Damaged status Not for loan Collection Home library Current library Date acquired Total checkouts Date last seen Price effective from Koha item type
        Digitalia Ebooks Hispanica Biblioteca Digital UIN Biblioteca Digital UIN 04/25/2025   04/25/2025 04/25/2025 Recurso Electrónico

CONTACTO


NOSOTROS


SITIOS DE INTERES

coordinacion.biblioteca.biblioteca@unienlinea.mx Misión, Visión y Objetivos Bases de datos
Directorio Bibliotecas Digitales y Repositorios
Normatividad Revistas y artículos
Convenios interbibliotecarios
Boletines



Hecho en México. Universidad Insurgentes (UIN). Todos los derechos reservados 2024. Esta página y sus contenidos pueden ser reproducidos con fines no lucrativos, siempre y cuando no se mutile, se cite la fuente completa y su dirección electrónicas. De otra forma requiere permiso previo por escrito de la institución




2024 Copyright Universidad Insurgentes | www.bibliouin.com.mx